Návrh aplikácie e-learningu do vzdelávacieho procesu
Charakteristika e-learningu. Výhody a nevýhody e-learningu. Nástroje e-learningu. Aplikácia vybraných nástrojov e-learningu. Sociálna sieť - Facebook. Virtuálna univerzita.
Salvato in:
| Autore principale: | |
|---|---|
| Altri autori: | |
| Natura: | Capitolo di libro |
| Lingua: | slovacco |
| Soggetti: | |
| Tags: |
Nessun Tag, puoi essere il primo ad aggiungerne!!
|
MARC
| LEADER | 00000nla a2200000 4500 | ||
|---|---|---|---|
| 001 | 0150955 | ||
| 005 | 20240502072716.6 | ||
| 041 | 0 | |a slo | |
| 044 | |a SK | ||
| 245 | 1 | 0 | |a Návrh aplikácie e-learningu do vzdelávacieho procesu |c Ľuboš Drška, Miroslav Uhliar |
| 520 | |a Charakteristika e-learningu. Výhody a nevýhody e-learningu. Nástroje e-learningu. Aplikácia vybraných nástrojov e-learningu. Sociálna sieť - Facebook. Virtuálna univerzita. | ||
| 610 | 2 | 0 | |a vzdelávanie elektronické |
| 610 | 2 | 0 | |a technológie informačné |
| 610 | 2 | 0 | |a technológie komunikačné |
| 610 | 2 | 0 | |a siete sociálne |
| 610 | 2 | 0 | |a univerzity |
| 610 | 2 | 0 | |a školy vysoké |
| 610 | 2 | 0 | |a študenti |
| 610 | 2 | 0 | |a učitelia |
| 100 | 1 | |a Drška, Ľuboš | |
| 700 | 1 | |a Uhliar, Miroslav, 1981- | |